Rock y drogas, una ecuación inquietante /

Su aporte gira en torno a la relación de las drogas y el ámbito musical, en concreto con la cultura del rock, a partir de valoraciones desde el individuo-colectividad, liberación-represión. Así, hace referencia a la distinción entre la vida de algunos músicos y su calidad literaria y actitud para es...

Ausführliche Beschreibung

Gespeichert in:
Bibliographische Detailangaben
1. Verfasser: Queralt, Miquel A.
Format: Text
Schlagworte:
Tags: Tag hinzufügen
Keine Tags, Fügen Sie den ersten Tag hinzu!

MARC

LEADER 00000 a a2200000 04500
001 44363
003
040
100 |a Queralt, Miquel A.  
245 |a Rock y drogas, una ecuación inquietante /  |c Miquel A. Queralt 
520 |a Su aporte gira en torno a la relación de las drogas y el ámbito musical, en concreto con la cultura del rock, a partir de valoraciones desde el individuo-colectividad, liberación-represión. Así, hace referencia a la distinción entre la vida de algunos músicos y su calidad literaria y actitud para escribir; finalmente aborda un caso concreto como el de Kurt Cobain.  
590 |a AMB/JULIO2014  
650 |a DROGAS (TESAURO ISOC DE PSICOLOGIA)  
650 |a MÚSICA  
650 |a DINAMICA DE GRUPOS  
650 |a COSTA RICA  
773 |g páginas 55-60  
999 |c 23575  |d 23575